000 00806nam a22002057a 4500
999 _c5730
_d5730
003 AR-CdUCM
008 190313b ||||| |||| 00| 0 spa d
040 _aMUNICIPALIDAD PROVINCIAL DEL CUSCO
_cBIBLIOTECA MUNICIPAL DEL CUSCO
082 _a984.05 /
_bV43
100 _avelásquez Alquizaleth, Julio César
_917058
245 _aAcerca de la capitalidad de la República de Bolivia /
260 _aLa Paz ;
_bImpacto,
_c1998.
300 _a82 paginas ;
_bIlustraciones, mapas,
_c20 cm.
505 _aAntecedentes históricos -- Controversias entre la Paz y Sucre por capitalia -- El movimiento subversivo -- La batalla final -- Después de la victoria...
650 _aHistoria de Bolivia
_99688
650 _aPolítica Boliviana
_917059
650 _aLa Paz
_9620
942 _2ddc
_cLIBROS
945 _awnts